| 000 | 01019nam a22003137a 4500 | ||
|---|---|---|---|
| 003 | CHAP | ||
| 005 | 20220329143725.0 | ||
| 008 | 110415s1968 mx a r 00010 spa d | ||
| 010 | _a100955 | ||
| 011 | _a101927 | ||
| 035 | _a112615 | ||
| 040 | _cCHAP | ||
| 082 | 0 | 4 |
_a541.224 _bEi24 |
| 100 | 1 |
_aEichinger, J. W. _935792 |
|
| 245 | 1 | 0 |
_aEnlaces químicos : _bintroducción y fundamentos _c/por J. W. Eichinger, Jr. |
| 260 |
_aMéxico, D.F. : _bCultural, _c1968 |
||
| 300 |
_a98 p. : _bilus. |
||
| 534 | _aChemical Bonds : introduction and fundamentals | ||
| 590 |
_aBATCH-UPD _b10 _c20130110 _lUCH01 _h1614 |
||
| 590 |
_aBATCH-UPD _b10 _c20130410 _lUCH01 _h1009 |
||
| 590 |
_aBATCH-UPD _b10 _c20130914 _lUCH01 _h1255 |
||
| 590 |
_aCONVERSION _b10 _c20130109 _lUCH01 _h1356 |
||
| 650 | 1 | 4 |
_aEnlaces químicos. _937002 |
| 650 | 1 | 4 |
_aEstructura atómica. _938482 |
| 650 | 1 | 4 |
_aMecánica ondulatoria. _973830 |
| 901 | _aBK | ||
| 942 | _cLIBRO | ||
| 949 |
_a541.224 Ei24 _bBC _cLIBRO _d33724002239587 _eLIBRO _h114690 _i112615 _sb |
||
| 999 |
_c100955 _d100955 |
||